Survivor Exile Island Castaways by Tribe - Statistics

General Stats
  • This quiz has been taken 17 times
  • The average score is 28 of 32
Answer Stats
Hint Answer % Correct
Melinda's Second Tribe Casaya
100%
Ruth-Marie's First Tribe Casaya
100%
Bobby's Second Tribe Casaya
100%
Ruth-Marie's Second Tribe La Mina
100%
Dan's First Tribe La Mina
100%
Dan's Second Tribe La Mina
100%
Tina's Tribe Casaya
93%
Melinda's First Tribe Casaya
93%
Bruce's Second Tribe Casaya
93%
Courtney's Second Tribe Casaya
93%
Shane's Second Tribe Casaya
93%
Cirie's First Tribe Casaya
93%
Cirie's Second Tribe Casaya
93%
Misty's Second Tribe La Mina
93%
Nick's Second Tribe La Mina
93%
Austin's Second Tribe La Mina
93%
Sally's Second Tribe La Mina
93%
Bruce's First Tribe La Mina
93%
Aras's Second Tribe Casaya
87%
Shane's First Tribe La Mina
87%
Terry's First Tribe La Mina
87%
Terry's Second Tribe La Mina
87%
Bobby's First Tribe Viveros
87%
Nick's First Tribe Viveros
87%
Danielle's Second Tribe Casaya
80%
Austin's First Tribe Viveros
80%
Misty's First Tribe Bayoneta
73%
Aras's First Tribe Viveros
73%
Sally's First Tribe Bayoneta
67%
Courtney's First Tribe Bayoneta
67%
Danielle's First Tribe Bayoneta
60%
Merge Tribe Gitanos
60%
No matching quizzes found
Score Distribution
Percent of People with Each Score
Percentile by Number Answered
Your Score History
You have not taken this quiz